ảnh hưởng của Taston (Hexestrol Dicaprylate) trên trọng lượng lên cân của heo ta (heo Ba Xuyên) và gà thịt (Meatnick)

Gardado en:
Detalles Bibliográficos
Autor Principal: Võ Hùng Thuấn
Formato: Libro
Idioma:Undetermined
Publicado: Cần Thơ Viện Đại học Cần Thơ - Trường Cao Đẳng Nông Nghiệp 1973
Những chủ đề:
Các nhãn: Engadir etiqueta
Sen Etiquetas, Sexa o primeiro en etiquetar este rexistro!
Thư viện lưu trữ: Trung tâm Học liệu Trường Đại học Cần Thơ
LEADER 00741nam a2200181Ia 4500
001 CTU_33498
008 210402s9999 xx 000 0 und d
082 |a 636.0852 
082 |b Th502 
100 |a Võ Hùng Thuấn 
245 0 |a ảnh hưởng của Taston (Hexestrol Dicaprylate) trên trọng lượng lên cân của heo ta (heo Ba Xuyên) và gà thịt (Meatnick) 
245 0 |c Võ Hùng Thuấn 
260 |a Cần Thơ 
260 |b Viện Đại học Cần Thơ - Trường Cao Đẳng Nông Nghiệp 
260 |c 1973 
650 |a chicken - feeding and feeds,domestic animals,swine - feeding and feeds 
904 |i Minh, 991101 
980 |a Trung tâm Học liệu Trường Đại học Cần Thơ